000 00381nam a2200133Ia 4500
008 100328s9999 xx 000 0 und d
082 _b42668
100 _aमाडगूळकर ग.दि.
245 _aचैत्रबन
260 _bदेशमुख आणि कंपनी
630 _aचैत्रबन
730 _aचैत्रबन
942 _cBOOK
999 _c531086
_d531083